| 000 | 00440nam a22001577a 4500 | ||
|---|---|---|---|
| 005 | 20251108164705.0 | ||
| 008 | 250721s1983 xx 000 0 ara d | ||
| 082 | 1 | 4 | _a526.9/يوس |
| 100 | 1 | _aصيام، يوسف | |
| 245 | 1 | 0 | _aأصول في المساحة / |
| 264 | 1 |
_aعمان : _bالجامعة الأردنية - كلية الهندسة، _c1983. |
|
| 300 | _a567ص | ||
| 650 | 1 | 7 | _aالمسح |
| 942 |
_2ddc _cBK |
||
| 999 |
_c11915 _d11915 |
||